| 000 | 00752cab a22001935a 4500 | ||
|---|---|---|---|
| 001 | L149709 | ||
| 008 | 10041 s201004/3xxk 000 0 eng d | ||
| 035 | _a(Sirsi) u149709 | ||
| 041 | 0 | _aeng | |
| 100 | 1 | _aHarris, David | |
| 245 | 0 | 0 | _aEG Leisure |
| 260 | _c2010 | ||
| 490 |
_aEstates Gazette _v(1013) 3 April 2010, 45-59(12) |
||
| 520 | _aRestaurants and public houses (pubs) face mixed fortunes in the aftermath of the recession with many facing closure whilst others continue to flourish taking advantage of competitive rents and rent-free periods. Identifies up-and-coming UK seaside hotspots. Profiles Grange Hotels. | ||
| 590 | _aKA | ||
| 651 | 4 |
_aUnited Kingdom _y |
|
| 690 | _aPROPERTY-COMMERCIAL PROPERTY-LEISURE PROPERTY | ||
| 942 | _n0 | ||
| 999 |
_c82260 _d82260 |
||